000 00637nam a22001937a 4500
005 20251108174613.0
008 250721s2008 xx 000 0 ara d
082 1 4 _a658.403/زيا
100 1 _aالزيادات، محمد عواد أحمد
_eمؤلف
245 1 0 _aاتجاهات معاصرة في ادارة المعرفة /
264 1 _aعمان :
_bدار صفاء للنشر والتوزيع،
_c2008.
300 _a406 ص.
650 1 7 _aاداره المعلومات
650 1 7 _aاداره الاعمال
650 1 7 _aالتزود بالمعرفه
650 1 7 _aالمعرفه
942 _2ddc
_cBK
999 _c113371
_d113371